CompTia Security+ Deluxe Study Guide : (Record no. 13302)
[ view plain ]
| 000 -LEADER | |
|---|---|
| fixed length control field | 00468nam a22001815i 4500 |
| 020 ## - INTERNATIONAL STANDARD BOOK NUMBER | |
| ISBN | 9781119812289 |
| 020 ## - INTERNATIONAL STANDARD BOOK NUMBER | |
| ISBN | 9781119812289 |
| 020 ## - INTERNATIONAL STANDARD BOOK NUMBER | |
| ISBN | 9781119812289 |
| 020 ## - INTERNATIONAL STANDARD BOOK NUMBER | |
| ISBN | 9781119812289 |
| 082 ## - DEWEY DECIMAL CLASSIFICATION NUMBER | |
| Classification number | 005.8076 |
| Item number | 10374 |
| 100 1# - MAIN ENTRY--AUTHOR NAME | |
| Personal name | Chapple, Mike, |
| 245 10 - TITLE STATEMENT | |
| Title | CompTia Security+ Deluxe Study Guide : |
| Remainder of title | exam sy0-601 / |
| Statement of responsibility, etc | Mike Chapple, David Seidl. |
| 250 ## - EDITION STATEMENT | |
| Edition statement | 5. |
| 260 ## - PUBLICATION, DISTRIBUTION, ETC. (IMPRINT) | |
| Place of publication | Indiana |
| Name of publisher | SYBEX |
| Year of publication | 2021 |
| 300 ## - PHYSICAL DESCRIPTION | |
| Number of Pages | pages cm |
| 700 1# - ADDED ENTRY--PERSONAL NAME | |
| Personal name | Seidl, David, |
| 942 ## - ADDED ENTRY ELEMENTS (KOHA) | |
| Koha item type | Computer Science |
| Withdrawn status | Lost status | Permanent Location | Current Location | Shelving location | Date acquired | Full call number | Accession Number | Koha item type |
|---|---|---|---|---|---|---|---|---|
| | | MAJU | MAJU | Shelf No.A32 | 2022-05-12 | 005.8076 | 10374 | Computer Science |